Essential issues in SOC design : designing complex systems on chip (Record no. 190061)

MARC details
000 -LEADER
fixed length control field 00458nam a2200157Ia 4500
005 - DATE AND TIME OF LATEST TRANSACTION
control field 20250128163945.0
008 - FIXED-LENGTH DATA ELEMENTS--GENERAL INFORMATION
fixed length control field 231217s9999 xx 000 0 und d
020 ## - INTERNATIONAL STANDARD BOOK NUMBER
International Standard Book Number 9781402053511
082 ## - DEWEY DECIMAL CLASSIFICATION NUMBER
Classification number 621.3815 STE;1 R
100 ## - MAIN ENTRY--PERSONAL NAME
Personal name Steve Lin, Youn-Long ed.
245 #0 - TITLE STATEMENT
Title Essential issues in SOC design : designing complex systems on chip
260 ## - PUBLICATION, DISTRIBUTION, ETC. (IMPRINT)
Date of publication, distribution, etc. 2006
Name of publisher, distributor, etc. Springer
Place of publication, distribution, etc. Netherland
300 ## - PHYSICAL DESCRIPTION
Extent vii, 403
650 ## - SUBJECT ADDED ENTRY--TOPICAL TERM
Topical term or geographic name as entry element SOC,designing,complex,chip
942 ## - ADDED ENTRY ELEMENTS (KOHA)
Koha item type Books
Holdings
Date last seen Total Checkouts Full call number Accession number Old discount Uniform Resource Identifier Cost, replacement price Price effective from Category Lost status Damaged status Department Withdrawn status bill no. bill date Permanent Location Current Location Shelving location Entry date Vendor Cost, normal purchase price Grants Currency symbol Conversion rate Discount Discount type
26/01/2024   621.3815 STE;1 R 75799 20 digital/contents/75799.pdf 4572.79 26/01/2024 Books     Central Library   HO/2010/CRB/1326 16/12/2014 Central Library Central Library Central Library 30/11/2010 Prism Books 94.95 TC EURO 60.2 18.99 Rupees

© For any Suggestions or Query, please contact the library staff @ librarian@pes.edu or Phone: +9180 2672 1983/ 2108.